000 00504nam a2200205Ia 4500
003 OSt
005 20140311163112.0
008 140130s9999 xx 000 0 und d
020 _a0439697387
050 _aPZ 7
_b.C8615Pl 2004
100 _aCreech, Sharon
_94774
245 _aPleasing the ghost /
_cCreech, Sharon
260 _bScholastic,
_c2004.
_aNew York :
300 _a89 p. :
_bill. ;
_c18 cm.
440 _v1
_931174
521 _aG3
526 _c520
942 _cBK
_2lcc
999 _c40587
_d40587